| 000 | 00777nam a22001697a 4500 | ||
|---|---|---|---|
| 003 | OSt | ||
| 005 | 20251002033052.0 | ||
| 008 | 251002b |||||||| |||| 00| 0 eng d | ||
| 020 | _a978-971-0391-46-2 | ||
| 040 |
_aDWC-Main Lib. _cOC |
||
| 100 | _aAGSALUD, PRISCILLA SIGNEY L. | ||
| 245 |
_aScience, technology and society : _bmodule Competency-Based Continuing Education Program for Teachers utilizing distance education techniques and materials/ _cAGSALUD, PRISCILLA SIGNEY L. |
||
| 260 |
_aQuezon City, Philippines : _bGreat Books Publishing, _cc2012. |
||
| 300 |
_axi, 277 pages ; _c23 cm. |
||
| 650 | _a1. Competency-based education--Module. 2. Science--Education aspect. 3. Technology--Education aspect. 4. Teachers--Training of. | ||
| 942 |
_2ddc _cBK - FIL _hFil. _n0 |
||
| 999 |
_c4633 _d4633 |
||